00266nam a2200109 a 450000500170000000800410001705000170005810000200007524500220009526000330011744000060015020140414131912.0101013s19uu xx 00 eng d aERbB11 1993 aDudko, Mary Ann aBabybop pretends. aNew York :bPenguin,c1993. a